Equipes en tête du classement FIFA - Statistiques

Statistiques générales
  • Ce quiz a été pris 319 fois
  • Le résultat moyen est 34 sur 35
Statistiques - réponses
Période Equipe % Correct
05/2001 - 05/2002 France
100%
08/2018 - 09/2018 France
100%
09/2018 - 10/2018 France | Belgique
100%
03/2007 Argentine
99%
10/2007 - 06/2008 Argentine
99%
07/2015 - 11/2015 Argentine
99%
04/2016 - 04/2017 Argentine
99%
04/2023 - 07/2023 Argentine
99%
09/1993 - 10/1993 Brésil
99%
04/1993 - 05-1994 Brésil
99%
07/1994 - 04/2001 Brésil
99%
06/2002 - 01/2007 Brésil
99%
07/2007 - 08/2007 Brésil
99%
07/2009 - 11/2009 Brésil
99%
04/2010 - 07/2010 Brésil
99%
04/2017 - 07/2017 Brésil
99%
08/2017 - 09/2017 Brésil
99%
03/2022 - 04/2023 Brésil
99%
07/2008 - 06/2009 Espagne
98%
11/2009 - 04/2010 Espagne
98%
07/2010 - 08/2011 Espagne
98%
09/2011 - 07/2014 Espagne
98%
08/1993 Allemagne
96%
12/1993 - 03/1994 Allemagne
96%
06/1994 Allemagne
96%
07/2014 - 07/2015 Allemagne
96%
07/2017 - 08/2017 Allemagne
96%
09/2017 - 08/2018 Allemagne
96%
11/1993 Italie
94%
02/2007 Italie
94%
04/2007 - 06/2007 Italie
94%
09/2007 Italie
94%
11/2015 - 04/2016 Belgique
90%
10/2018 - 03/2022 Belgique
90%
08/2011 - 09/2011 Pays-Bas
77%
Aucun quiz correspondant
Distribution des résultats
% des personnes avec chaque résultat
Percentile par nombre de réponses
Votre historique - résultats
Vous n’avez pas pris ce quiz